000 00433 a2200157 4500
001 170876
020 _a
040 _cMagnum
100 _aSilva, Eduardo Roberto da
240 1 0 _aColecao o universo da ciencia: alcool e gasolina - combustiveis brasil
_lpor
245 1 0 _aColecao o universo da ciencia: alcool e gasolina - combustiveis brasil
362 0 _a1899
440 1 _aScipione
697 _aPARADIDATICOS
942 _cBK
999 _c170876
_d170876